000 00321nam a22001337a 4500
008 181008b xxu||||| |||| 00| 0 eng d
020 _a9780230618909
041 _aeng
080 _a321
100 _a20
101 _aPOL
245 _aAfrica In Global Politics Twenty First Cebtury
_cAbegurin.o
942 _2udc
_cBK
999 _c49037
_d49037